Statistics for Top 100 of the 2013 PWI 500

Click here to take the quiz!

General Stats

  • This quiz has been taken 25 times
  • The average score is 38 of 100

Answer Stats

RankingPromotionName% Correct
1WWEJohn Cena
90%
2WWECM Punk
90%
28TNAA.J. Styles
86%
7TNAJeff Hardy
86%
11WWEDaniel Bryan
81%
39WWERoman Reigns
81%
26WWEDean Ambrose
81%
15WWERandy Orton
81%
35WWESeth Rollins
81%
4TNABully Ray
76%
10ROHKevin Steen
71%
6WWESheamus
71%
16WWEKane
71%
20WWEKofi Kingston
71%
68NXT (wwe)Sami Zayn
67%
14WWEThe Big Show
67%
9WWEDolph Ziggler
67%
33WWEBig E Langston
67%
31WWEThe Miz
67%
24TNABobby Roode
67%
89WWEDarren Young
62%
21WWEWade Barrett
62%
53WWECody Rhodes
62%
45ROHChristopher Daniels
57%
23TNAKurt Angle
57%
8WWEAlberto Del Rio
57%
25WWEChris Jericho
57%
36TNAKenny King
57%
56ROHKazarian
52%
64WWERey Mysterio
52%
41TNASamoa Joe
52%
13WWERyback
52%
54NJPWShinsuke Nakamura
48%
38NJPWPrince Devitt
48%
58WWER-Truth
48%
75WWESin Cara
48%
40WWEMark Henry
48%
18WWEAntonio Cesaro
48%
88NJPWKarl Anderson
48%
12TNAAustin Aries
48%
72WWEChristian
48%
32TNADevon
43%
62TNAMr. Anderson
43%
79NXT (wwe)Bo Dallas
43%
29WWEJack Swagger
43%
46TNASting
43%
55ROHAdam Cole
43%
80NOAHGo Shiozaki
43%
50WWEDamien Sandow
43%
98NJPWDavey Boy Smith Jr
38%
19TNAJames Storm
38%
83TNAAbyss
38%
44ROHJay Lethal
38%
82WWETitus O'Neil
33%
5NJPWKazuchika Okada
33%
47WWECurtis Axel
33%
74WWEBrodus Clay
33%
84WWEJustin Gabriel
33%
67ROHRoderick Strong
29%
22NJPWKENTA
29%
42TNADavey Richards
29%
63WWERob Van Dam
29%
99JCWColt Cabana
24%
37ROHMichael Elgin
24%
61TNAEddie Edwards
24%
3NJPWHiroshi Tanahashi
24%
43TNAMagnus
24%
81NJPWBobby Fish
19%
73NJPWKyle O'reilly
19%
51PWGJohnny Gargano
19%
27ROHJay Briscoe
19%
59WWEFandango
19%
49ROHMark Briscoe
19%
86TNAGunner
14%
69NJPWDOC
14%
85ROHMike Bennett
14%
87TNARhino
10%
60WWEChavo Guerrero jr
10%
57TNAHernandez
10%
52NJPWLa Sombra
10%
96ROHJimmy Jacobs
5%
95NJPWLance Archer
5%
94CZWMasada
5%
93ROHMatt Taven
5%
91WCAAdam Pearce
5%
100NJPWMinoru Suzuki
5%
78AAAEl Mesias
5%
65NJPWMasakatsu Funaki
5%
70NJPWTogi Makabe
0%
34NJPWEl Terrible
0%
30NOAHTakeshi Morishima
0%
90NJPWVolador Jr
0%
48AAAEl Texano jr
0%
92ROHSteve Corino
0%
77DGCIMA
0%
76NOAHJun Akiyama
0%
97PWGA.R. Fox
0%
66CZWSami Calihan
0%
17NJPWSuwama
0%
71TNAZema Ion
0%

Score Distribution

Percentile by Number Answered

Percent of People with Each Score

Your Score History

You have not taken this quiz